La princesse des Ursines (Record no. 46263)

MARC details
000 -LEADER
campo de control de longitud fija 00628nam a2200181 i 4500
001 - NÚMERO DE CONTROL
campo de control 46263
003 - IDENTIFICADOR DE NÚMERO DE CONTROL
campo de control ES-MaACL
005 - FECHA Y HORA DE LA ÚLTIMA TRANSACCIÓN
campo de control 20251001145213.0
007 - CAMPO FIJO DE DESCRIPCIÓN FÍSICA--INFORMACIÓN GENERAL
campo de control de longitud fija t|
008 - DATOS DE LONGITUD FIJA--INFORMACIÓN GENERAL
campo de control de longitud fija 030328s1858 fr ||||1| fre d
100 1# - ENTRADA PRINCIPAL--NOMBRE DE PERSONA
Nombre de persona Combes, François.
9 (RLIN) 39971
245 13 - MENCIÓN DEL TÍTULO
Título La princesse des Ursines
Resto del título : essai sur sa vie et son caractere politique d'apres de nombreux documents inedits /
Mención de responsabilidad, etc. François Combes.
260 ## - PUBLICACIÓN, DISTRIBUCIÓN, ETC.
Lugar de publicación, distribución, etc. Paris :
Nombre del editor, distribuidor, etc. [s.n.,
Fecha de publicación, distribución, etc. 1858] (
Fabricante Simon Raçon et Comp.)
300 ## - DESCRIPCIÓN FÍSICA
Extensión II, 568 p. ;
Dimensiones 21 cm.
600 17 - PUNTO DE ACCESO ADICIONAL DE MATERIA--NOMBRE DE PERSONA
Nombre de persona Ursins, Marie-Anne de La Tremoille,
Títulos y otros términos asociados al nombre Pricesse des
Fuente del encabezamiento o término
9 (RLIN) 128530
852 ## - LOCALIZACIÓN
Ubicación ES-MaACL
Número de control de estantería C-356
Holdings
Estatus retirado Estado de pérdida Estado de daño No para préstamo Colección Biblioteca de origen Biblioteca actual Ubicación en estantería Fecha de adquisición Fuente de adquisición Total de préstamos Signatura topográfica completa Código de barras Visto por última vez Precio de reemplazo Tipo de ítem Koha
        Libros del s. XIX Biblioteca del Ateneo de Madrid Biblioteca del Ateneo de Madrid Sala Palomar 17/01/2008     C-356 1048660 23/02/2023 23/02/2023 Libro impreso antiguo